2821-大阪市西区(大阪府)の駅 - Statistics

General Stats
  • This quiz has been taken 9 times
  • The average score is 7 of 8
Answer Stats
Answer % Correct
ドーム前
100%
九条
89%
阿波座
89%
ドーム前千代崎
89%
肥後橋
78%
四ツ橋
78%
西長堀
67%
西大橋
67%
No matching quizzes found
Score Distribution
Percent of People with Each Score
Percentile by Number Answered
Your Score History
You have not taken this quiz